Alle 23 DOSB - Trainer des Jahres ( 2006 - 2023) - Statistiken

Allgemein
  • Dieses Quiz wurde 4 mal gespielt
  • Das Durchschnittsergebnis liegt bei 5 aus 23
Antwortstatistiken
Jahr Sportart Initialen Trainer \ in % Korrekt
2007 🤾🏻‍♂️ Handball H. B. Heiner Brand
75%
2013 ⚽ Fußball (Frauen) S. N. Silvia Neid
75%
2023 🏀 Basketball G. H. Gordon Herbert
50%
2013 🎿 Nordische Kombination H. W. Hermann Weinbuch
50%
2021 🏓 Tischtennis J. R. Jörg Roßkopf
50%
2014 🛷 Rodeln N. L. Norbert Loch
50%
2022 Bob R. S. René Spies
50%
2019 🎿 Skispringen (Frauen) A. B. Andreas Bauer
25%
2008 🛶 Kanu R.-D. A. Rolf - Dieter Amend
25%
2010 🎿 Biathlon U. M. Uwe Müßiggang
25%
2020 🏊🏼‍♀️ Schwimmen (DSV) B. B. Bernd Berkhahn
0%
2018 🚴🏻‍♂️ Bahnrad D. U. Detlev Uibel
0%
2012 🏇🏻 Vielseitigkeitsreiten H. M. Hans Melzer
0%
2023 🤸🏼‍♀️ Rhythmische Sportgymnastik I. S. Isabell Sawade
0%
2017 🏐 Beach - Volleyball J. W. Jürgen Wagner
0%
2015 🎿 Paraski - Alpin J. W. Justus Wolf
0%
2009 Moderner Fünfkampf K. R. Kim Raisner
0%
2011 🏑 Hockey M. W. Markus Weise
0%
2006 🛷 Bob & Schlitten R. B. Raimund Bethge
0%
2012 🛶 Rudern R. H. Ralf Holtmeyer
0%
2016 🛶 Kanurennen R. K. Reiner Kießler
0%
2021 🛶 Rudern S. T. Sabine Tschäge
0%
2022 🤸🏼‍♀️ Rhythmische Sportgymnastik Y. R. Yulia Raskina
0%
Keine übereinstimmenden Quizze gefunden
Verteilung der Resultate
Anzahl Personen mit jedem Resultat
Perzentil nach korrekt beantworteten Fragen
Ihre Resultats-Entwicklung
Sie haben dieses Quiz noch nicht gespielt